000 00647nam a2200193 a 4500
001 BRCA_2874
005 20190320204017.0
008 111208s1856----mx-a---###---#000-0#spa-u
050 4 _aF1213
_b.A48 1856
100 1 _aAlvarez, Jose Justo
_d1821-1897
_98020
245 1 0 _aItinerarios y derroteros de la Republica Mexicana, publicados por los ayudantes del Estado mayor del ejercito
_cJose J. Alvarez y Rafael Duran.
260 _aMéxico
_bImp. de J. A. Godoy
_c1856
300 _a480 p.
_bil.
_c22 cm.
500 _aB18
651 4 _aMéxico
_xDescripción y viajes
_9103
700 1 _aDuran, Rafael
_ecoaut
_98021
902 _aGFM
942 _2lcc
_cB
999 _c2613
_d2613